Miasta z największym przyrostem i spadkiem ludności w Polsce 2020/21 - Statystyki

Ogólne statystyki
  • Ten quiz został rozwiązany 0 razy
  • Średni wynik to 0 z 10
Statystyki odpowiedzi
Wartość Ludność
2020/21
Zmiana
Powierzchni
Miasto % Poprawnych
+23,06% 1852/2279 +36,69% Chodecz
0%
-7,07% 5307/4932 - Czempiń
0%
+14,89% 8530/9800 +82,95% GłogówMałopolski
0%
-3,78% 3282/3158 - Gołańcz
0%
-3,99% 5366/
5152
- Jordanów
0%
+5,81% 8819/9331 +54,07% Kruszwica
0%
-3,62% 938/904 -0,93% Nowy Korczyn
0%
+4,14% 11938/
12432
- OżarówMazowiecki
0%
-2,99% 1941/1883 - Sępopol
0%
+6,38% 8320/8851 - Siechnice
0%
Nie znaleziono quizów pasujących do podanych kryteriów
Rozkład punktacji
Procent ludzi z każdym wynikiem
Percentyl według liczby udzielonych odpowiedzi
Twoja historia wyników
Nie rozwiązałeś tego quizu